The Maury A. Bromsen Bequest of books, manuscripts, and iconography to the John Carter Brown Library

Detalles Bibliográficos
Formato: Libro
Lenguaje:English
Publicado: s.l. : s.n., 19--.
Materias:
Colección:Banco de datos
Acervo:Universidad Autónoma Benito Juárez de Oaxaca. Biblioteca Francisco de Burgoa. Colección moderna
Descripción Física:169 p. ; 21 cm.
Tema general:Bibliografía
Notas:Portada tipográfica con un escudo y marco. Portada tomada de la tapa superior. Texto a renglón seguido con paginación en números arábigos. Encuadernación en papel
LEADER 00851nam a22001690004500
035 |a 1793 
041 0 |a eng 
245 1 0 |a The Maury A. Bromsen Bequest of books, manuscripts, and iconography to the John Carter Brown Library 
260 |a s.l. : s.n., 19--. 
300 |a 169 p. ; 21 cm.  
500 |a Portada tipográfica con un escudo y marco. Portada tomada de la tapa superior. Texto a renglón seguido con paginación en números arábigos. Encuadernación en papel 
504 |a Al principio de la obra están el índice de contenido y la fe de erratas 
650 1 0 |a Bibliografía 
852 |a Universidad Autónoma "Benito Juárez" de Oaxaca, Biblioteca Francisco de Burgoa, Colección moderna 24773 
942 |c BURMOD 
943 |g Universidad Autónoma Benito Juárez de Oaxaca. Biblioteca Francisco de Burgoa. Colección moderna 
999 |c 1126236  |d 1126236